000 00842cab a2200277 4500
001 WB3233-31
008 090401t1996 xxu||||| |||| 00| 0 eng d
035 _a(Sirsi) u6055
041 _aeng
245 _aCorporate property execs need new skills
260 _c1996
350 _a0
490 _aEuroProperty
_v5(2) September 1996, 4(1)
520 _aThe job of corporate real estate executives now requires more analytical managerial skills, says a new report by Ernst and Young.
650 _aCORPORATE REAL ESTATE 2000
650 _aCORPORATE REAL ESTATE EXECUTIVES
650 _aFACILITIES MANAGEMENT
_96240
650 _aIDRC
650 _aMANAGEMENT CONSULTANTS
650 _aPLANNING
650 _aSKILLS
650 _aSURVEYORS
690 _aOFFICE SERVICES AND ADMINISTRATION
942 _n0
948 _c04/03/1997
999 _c3630
_d3630